[Event "Emilia Romagna tt op"]
[Site "Piacenza"]
[Date "2022.09.25"]
[Round "4"]
[White "Ghirardi, Gianfranco"]
[Black "Carrai, Giacomo"]
[Result "0-1"]
[WhiteElo "1535"]
[BlackElo "1629"]
[PlyCount "104"]
[EventDate "2022.09.23"]
[EventType "team-swiss"]
[EventRounds "5"]
[EventCountry "ITA"]
[SourceTitle "EXT 2023"]
[Source "ChessBase"]
[SourceDate "2022.10.05"]
[SourceVersion "1"]
[SourceVersionDate "2022.10.05"]
[SourceQuality "1"]
[WhiteTeam "Parma Promo"]
[BlackTeam "Piacenza Cavalli"]
[WhiteTeamCountry "ITA"]
[BlackTeamCountry "ITA"]

1. e4 e6 2. d4 d5 3. exd5 exd5 4. Bd3 Bd6 5. Ne2 Ne7 6. Bg5 Nd7 7. 0-0 Nf8 8. c4 c6 9. cxd5 cxd5 10. Bf4 Ne6 11. Bxd6 Qxd6 12. Bb5+ Nc6 13. Nbc3 Bd7 14. Qd2 0-0-0 15. Rac1 Kb8 16. Na4 Nc7 17. Bxc6 Bxc6 18. Nc5 Ne6 19. Nxe6 fxe6 20. Qf4 Rhf8 21. Qxd6+ Rxd6 22. Nc3 g5 23. g3 g4 24. Rfe1 Rf6 25. Re5 Rd8 26. Rce1 Bd7 27. Ne2 Kc7 28. Nf4 Kd6 29. Kg2 Rg8 30. f3 gxf3+ 31. Kxf3 Rgf8 32. h4 R8f7 33. R1e3 Bc8 34. Kg2 Bd7 35. Nh3 Rf1 36. Nf4 Rc1 37. Re2 Rf6 38. Rd2 Rc4 39. b3 Rxd4 40. Rxe6+ Bxe6 41. Rxd4 Kc5 42. Nxe6+ Rxe6 43. Rd2 d4 44. Kf2 h5 45. a3 Re3 46. Rc2+ Kd6 47. Rb2 Kd5 48. a4 Rc3 49. a5 Ke4 50. b4 d3 51. Rd2 Rc2 52. Ke1 Ke3 0-1

[Event "Cattolica op-B 8th"]
[Site "Cattolica"]
[Date "2021.05.30"]
[Round "4"]
[White "Ochedzan, Filip"]
[Black "Ghirardi, Gianfranco"]
[Result "1-0"]
[WhiteElo "1651"]
[BlackElo "1583"]
[PlyCount "97"]
[EventDate "2021.05.27"]
[EventType "swiss"]
[EventRounds "7"]
[EventCountry "ITA"]
[SourceTitle "CBM 203 Extra"]
[Source "ChessBase"]
[SourceDate "2021.09.30"]
[SourceVersion "1"]
[SourceVersionDate "2021.09.30"]
[SourceQuality "1"]

1. e4 g6 2. d4 Bg7 3. Nf3 d6 4. Bb5+ c6 5. Be2 Nd7 6. Nc3 e6 7. 0-0 Ne7 8. Bf4 e5 9. Be3 0-0 10. Qd2 Re8 11. Bh6 Nf8 12. Bxg7 Kxg7 13. dxe5 dxe5 14. Qxd8 Rxd8 15. Nxe5 Be6 16. Rad1 f6 17. Nf3 Rd7 18. Rxd7 Nxd7 19. Nd4 Bf7 20. Nb3 Kf8 21. Rd1 Ke8 22. Na5 Rb8 23. Nc4 Nc8 24. Ne3 Ke7 25. f4 Ncb6 26. a3 a5 27. Kf2 Rd8 28. Ng4 h5 29. Ne3 Nc5 30. Rxd8 Kxd8 31. b3 Ke7 32. h4 Ne6 33. f5 Nd4 34. Bd3 Nd7 35. fxg6 Bxg6 36. Nc4 b6 37. Ke3 c5 38. Nd5+ Ke6 39. Ndxb6 Nxb6 40. Nxb6 Nc6 41. Bc4+ Ke5 42. Nd5 Nd4 43. Be2 Ke6 44. Nf4+ Kf7 45. Bxh5 Bxh5 46. Nxh5 a4 47. bxa4 Nxc2+ 48. Kd3 Nxa3 49. Nf4 1-0

[Event "Parma Province-ch"]
[Site "Salsomaggiore Terme"]
[Date "2016.03.20"]
[Round "4"]
[White "Ghirardi, Gianfranco"]
[Black "Salati, Paolo"]
[Result "0-1"]
[WhiteElo "1616"]
[BlackElo "1776"]
[PlyCount "134"]
[EventDate "2016.03.18"]
[EventType "swiss"]
[EventRounds "5"]
[EventCountry "ITA"]
[SourceTitle "EXT 2018"]
[Source "ChessBase"]
[SourceDate "2017.10.13"]
[SourceVersion "1"]
[SourceVersionDate "2017.10.13"]
[SourceQuality "1"]

1. d4 d5 2. Nf3 Nf6 3. e3 Bg4 4. h3 Bh5 5. Be2 e6 6. Nbd2 Be7 7. Nb3 Nbd7 8. Bd2 0-0 9. Nc1 Ne4 10. Nd3 Rc8 11. Nf4 Bxf3 12. Bxf3 Ndf6 13. c3 c5 14. 0-0 cxd4 15. exd4 Nxd2 16. Qxd2 Bd6 17. Nd3 Re8 18. Rfe1 b6 19. g3 Qc7 20. Kg2 h6 21. Ne5 Rcd8 22. Qf4 Bxe5 23. dxe5 Nh7 24. h4 Qe7 25. Rad1 Rc8 26. Be2 Nf8 27. Qe3 Qc5 28. Qd3 Qc6 29. Kh3 Qc7 30. f4 Nd7 31. Bg4 Nc5 32. Qf1 Ne4 33. h5 Qc4 34. Qg2 Qc5 35. Rd4 Qe7 36. Bf3 Nc5 37. g4 Nd7 38. g5 hxg5 39. fxg5 Kh8 40. Qd2 Qf8 41. Bd1 f6 42. Rf4 Rc4 43. gxf6 Rxf4 44. Qxf4 gxf6 45. exf6 Qxf6 46. Qd4 Qxd4 47. cxd4 Re7 48. Rf1 Kg7 49. Rf4 Kh6 50. Kh4 e5 51. dxe5 Rxe5 52. Rf7 Re4+ 53. Bg4 Rxg4+ 54. Kh3 Ne5 55. Rxa7 d4 56. Rb7 Kxh5 57. Rxb6 Re4 58. Kg3 d3 59. Rb5 Kg5 60. a4 Kf5 61. a5 Rd4 62. a6 d2 63. a7 d1Q 64. Rxe5+ Kxe5 65. a8Q Qg4+ 66. Kf2 Rd2+ 67. Ke3 Qe2# 0-1

[Event "Parma Province-ch"]
[Site "Salsomaggiore Terme"]
[Date "2016.03.19"]
[Round "3"]
[White "Mingione, Luigi"]
[Black "Ghirardi, Gianfranco"]
[Result "1-0"]
[WhiteElo "1756"]
[BlackElo "1616"]
[PlyCount "109"]
[EventDate "2016.03.18"]
[EventType "swiss"]
[EventRounds "5"]
[EventCountry "ITA"]
[SourceTitle "EXT 2018"]
[Source "ChessBase"]
[SourceDate "2017.10.13"]
[SourceVersion "1"]
[SourceVersionDate "2017.10.13"]
[SourceQuality "1"]

1. e4 d6 2. d4 Nf6 3. Bd3 c6 4. f4 Nbd7 5. Nf3 e6 6. 0-0 Be7 7. c3 b5 8. Nbd2 Nb6 9. Qc2 h6 10. Nb3 a5 11. Qe2 a4 12. Nbd2 Bb7 13. e5 Nfd5 14. Ne4 Nc4 15. Bxc4 bxc4 16. Nxd6+ Bxd6 17. exd6 Qxd6 18. Ne5 Ba6 19. f5 Nf6 20. Bf4 Qd5 21. fxe6 Qxe6 22. Rae1 0-0-0 23. Qf3 Bb5 24. Ng6 Qg4 25. Qxg4+ Nxg4 26. Nxh8 Rxh8 27. Re7 c5 28. d5 g5 29. Bg3 h5 30. Rfxf7 Nh6 31. Rh7 Rxh7 32. Rxh7 Nf5 33. Rc7+ Kd8 34. Rxc5 Bd7 35. Rxc4 Ne3 36. Rc5 Nd1 37. d6 Ke8 38. c4 Nxb2 39. Rc7 h4 40. Be5 Nd3 41. Bf6 Nb4 42. a3 Na6 43. Ra7 Nc5 44. Bxg5 h3 45. gxh3 Ne4 46. Bf4 Nc5 47. h4 Ne6 48. Bg5 Nc5 49. h5 Ne4 50. Be7 Bf5 51. Rxa4 Nd2 52. Kf2 Ne4+ 53. Ke3 Nc3 54. Ra8+ Kf7 55. Rf8+ 1-0

[Event "Parma Province-ch"]
[Site "Salsomaggiore Terme"]
[Date "2015.03.22"]
[Round "5"]
[White "Fischetti, Luciano"]
[Black "Ghirardi, Gianfranco"]
[Result "1/2-1/2"]
[WhiteElo "1523"]
[BlackElo "1694"]
[PlyCount "138"]
[EventDate "2015.03.20"]
[EventType "swiss"]
[EventRounds "5"]
[EventCountry "ITA"]
[SourceTitle "EXT 2017"]
[Source "ChessBase"]
[SourceDate "2016.10.25"]
[SourceVersion "1"]
[SourceVersionDate "2016.10.25"]
[SourceQuality "1"]

1. g3 e5 2. Bg2 Nf6 3. d4 exd4 4. Qxd4 Nc6 5. Qd1 d5 6. Nf3 Bc5 7. 0-0 a6 8. Bg5 h6 9. Bxf6 Qxf6 10. Qxd5 Bd6 11. Nc3 Be6 12. Qd1 Qf5 13. e4 Qa5 14. Nd4 Nxd4 15. Qxd4 0-0 16. Rfe1 Be5 17. Qe3 Rfd8 18. Red1 Qb4 19. Rab1 Bxc3 20. bxc3 Rxd1+ 21. Rxd1 Qe7 22. e5 c6 23. Be4 Rd8 24. Rxd8+ Qxd8 25. Bd3 Kf8 26. Qe4 g6 27. Qb4+ Qe7 28. a3 c5 29. Qb2 Bd5 30. c4 Bc6 31. Qc3 Qg5 32. f4 Qg4 33. Bf1 Qf3 34. Qxf3 Bxf3 35. Kf2 Bc6 36. Bh3 b6 37. Bc8 a5 38. Ba6 Be4 39. c3 Ke7 40. Ke3 Bb1 41. h4 f6 42. g4 g5 43. exf6+ Kxf6 44. hxg5+ hxg5 45. fxg5+ Ke5 46. Bb7 Bg6 47. Ba6 Bf7 48. Bb5 Be6 49. Kf3 Bc8 50. g6 Be6 51. g5 Kf5 52. g7 Kxg5 53. Ke4 Kf6 54. Ba6 Bg8 55. Bb5 Ke6 56. Bc6 Bh7+ 57. Kf4 Kf7 58. Ke5 Kxg7 59. Kd6 Bd3 60. Bb5 Kf6 61. Kc6 Ke5 62. Kxb6 Kd6 63. Kxa5 Kc7 64. Ka6 Be2 65. Ka5 Bf1 66. Ka4 Kb6 67. Kb3 Bd3 68. a4 Ka5 69. Ka3 Bc2 1/2-1/2

[Event "Parco del Taro op 1st"]
[Site "Collecchio"]
[Date "2004.03.14"]
[Round "4"]
[White "Ghirardi, Gianfranco"]
[Black "Mantovani, Mario"]
[Result "0-1"]
[WhiteElo "1597"]
[BlackElo "1480"]
[PlyCount "98"]
[EventDate "2004.03.12"]
[EventType "swiss"]
[EventRounds "5"]
[EventCountry "ITA"]
[SourceTitle "EXT 2007"]
[Source "ChessBase"]
[SourceDate "2006.11.23"]
[SourceVersion "1"]
[SourceVersionDate "2006.11.23"]
[SourceQuality "1"]

1. b3 Nf6 2. Bb2 e6 3. f4 d5 4. Nf3 c5 5. e3 Nc6 6. Be2 d4 7. 0-0 Qb6 8. Ne5 dxe3 9. Nxc6 Qxc6 10. Bf3 Qb6 11. dxe3 Be7 12. c4 0-0 13. Nc3 a6 14. e4 Rd8 15. Qe2 Bd7 16. Nd5 exd5 17. cxd5 Bb5 18. Qf2 Bxf1 19. Rxf1 Qa7 20. Qg3 Ne8 21. e5 c4+ 22. Kh1 cxb3 23. axb3 Qb6 24. f5 Qh6 25. Qf2 Rab8 26. Be4 b6 27. Bc1 Bg5 28. Bxg5 Qxg5 29. Qf3 Rbc8 30. g3 Rc1 31. Kg2 Rxf1 32. Kxf1 Qd2 33. Qe2 Qxe2+ 34. Kxe2 Kf8 35. g4 Nc7 36. d6 Nb5 37. Bb7 a5 38. b4 a4 39. Kd3 a3 40. Kc2 Nd4+ 41. Kb1 Rd7 42. Bd5 Ra7 43. Ka2 Nc2 44. Bb3 Nxb4+ 45. Ka1 Ra5 46. e6 fxe6 47. fxe6 Re5 48. e7+ Ke8 49. Ba4+ b5 0-1

[Event "Rivarolo Mantovano op"]
[Site "Rivarolo Mantovano"]
[Date "2003.10.19"]
[Round "5"]
[White "Ghirardi, Gianfranco"]
[Black "Gualtieri, Primo"]
[Result "0-1"]
[WhiteElo "1615"]
[BlackElo "1552"]
[PlyCount "120"]
[EventDate "2003.10.11"]
[EventType "swiss"]
[EventRounds "6"]
[EventCountry "ITA"]
[SourceTitle "EXT 2007"]
[Source "ChessBase"]
[SourceDate "2006.11.23"]
[SourceVersion "1"]
[SourceVersionDate "2006.11.23"]
[SourceQuality "1"]

1. f4 d5 2. Nf3 c5 3. d3 g6 4. c3 Bg7 5. g3 Nc6 6. Bg2 Bg4 7. Be3 Qd6 8. h3 Bxf3 9. exf3 Nh6 10. Bf2 0-0 11. 0-0 Rad8 12. Nd2 d4 13. Ne4 Qc7 14. c4 Nf5 15. Re1 Ne3 16. Qe2 Nb4 17. Rec1 b6 18. a3 Nc6 19. Kh1 Rd7 20. h4 Nxg2 21. Kxg2 e5 22. fxe5 Bxe5 23. f4 Bg7 24. Ng5 h6 25. Nh3 Ne7 26. Qf3 Nf5 27. Re1 Ne3+ 28. Bxe3 dxe3 29. Qxe3 Rfd8 30. Red1 Qc6+ 31. Qf3 Qxf3+ 32. Kxf3 Rxd3+ 33. Ke2 Rxd1 34. Rxd1 Rxd1 35. Kxd1 Bxb2 36. a4 Bd4 37. g4 f5 38. gxf5 gxf5 39. h5 Kf7 40. Kc2 Ke6 41. Kb3 a6 42. a5 bxa5 43. Ka4 Bc3 44. Nf2 Kd6 45. Nd3 Kc6 46. Kb3 Bd4 47. Ka4 Kb6 48. Kb3 Ba1 49. Nc1 Bf6 50. Ne2 Bd4 51. Ka4 Be3 52. Nc3 Bd2 53. Nd5+ Kc6 54. Ne7+ Kd7 55. Nd5 Kd6 56. Kb3 a4+ 57. Kxa4 Bb4 58. Nxb4 cxb4 59. Kxb4 Kc6 60. Kc3 Kc5 0-1